Catálogo
 En Linea

Pulso publicitario : (Registro nro. 16057)

Detalles MARC
000 -CABECERA
campo de control de longitud fija 00659nam a2200205 a 4500
001 - NÚMERO DE CONTROL
campo de control 000016523
005 - FECHA Y HORA DE LA ÚLTIMA TRANSACCIÓN
campo de control 20260213105849.0
008 - DATOS DE LONGITUD FIJA--INFORMACIÓN GENERAL
campo de control de longitud fija 100308s1979 dr r 001 0 spa d
040 ## - FUENTE DE LA CATALOGACIÓN
Centro catalogador/agencia de origen DO-SdBNP
Lengua de catalogación spa
Centro/agencia transcriptor BNPHU
082 ## - NÚMERO DE LA CLASIFICACIÓN DECIMAL DEWEY
Número de clasificación 659.1
Número de documento/Ítem C352p
100 1# - ENTRADA PRINCIPAL--NOMBRE DE PERSONA
Nombre de persona Castillo, Efraím,
Fechas asociadas al nombre 1940-
9 (RLIN) 28022
245 10 - MENCIÓN DE TÍTULO
Título Pulso publicitario :
Resto del título sobre publicidad dominicana /
Mención de responsabilidad, etc. Efraim Castillo.
260 ## - PUBLICACIÓN, DISTRIBUCIÓN, ETC.
Lugar de publicación, distribución, etc. Santo Domingo :
Nombre del editor, distribuidor, etc. Taller,
Fecha de publicación, distribución, etc. 1979.
300 ## - DESCRIPCIÓN FÍSICA
Extensión 213 p. ;
Dimensiones 21 cm.
490 1# - MENCIÓN DE SERIE
Mención de serie Biblioteca taller ;
Designación de volumen o secuencia 55
500 ## - NOTA GENERAL
Nota general Incluye índice alfabetico
650 #0 - PUNTO DE ACCESO ADICIONAL DE MATERIA--TÉRMINO DE MATERIA
Término de materia o nombre geográfico como elemento de entrada Publisidad
9 (RLIN) 13236
650 #4 - PUNTO DE ACCESO ADICIONAL DE MATERIA--TÉRMINO DE MATERIA
Término de materia o nombre geográfico como elemento de entrada Publicidad comercial artistica
9 (RLIN) 36760
830 #0 - PUNTO DE ACCESO ADICIONAL DE SERIE-TÍTULO UNIFORME
Título uniforme Biblioteca taller ;
Número de parte o sección de la obra 55
9 (RLIN) 36761
Existencias
Estado de retiro Estado de pérdida Restricciones de uso No para préstamo Código de colección Localización permanente Ubicación/localización actual Ubicación en estantería Fecha de adquisición Número de inventario Total de préstamos Signatura topográfica completa Código de barras Fecha visto por última vez Número de copia Precio válido a partir de Tipo de ítem Koha Nota pública
        Dominicana de Servicio General General Depósito 08.03.2010 LF1   659.1 C352p 16523-30 25.06.2020 e.3 25.06.2020 Libro y Folleto Colección Dominicana de Servicio  
        Dominicana de Servicio General General Depósito 20.09.2010 LF1   659.1 C352p 16523-40 25.06.2020 e.4 25.06.2020 Libro y Folleto Colección Dominicana de Servicio  
        Dominicana de Servicio General General Depósito 28.06.2019 LF1   659.1 C352p 16523-50 25.06.2020 e.5 25.06.2020 Libro y Folleto Colección Dominicana de Servicio Perteneció a ala biblioteca personal de la familia Reyes Duluc.
      Excluido de préstamo Patrimonio Dominicano Patrimonio Dominicano Patrimonio Dominicano Depósito 08.03.2010 LF1   659.1 C352p 16523-10 25.06.2020   25.06.2020 Libro y Folleto Colección Patrimonio Dominicano  
      Excluido de préstamo Patrimonio Dominicano Patrimonio Dominicano Patrimonio Dominicano Depósito 08.03.2010 LF1   659.1 C352p 16523-20 25.06.2020 e.2 25.06.2020 Libro y Folleto Colección Patrimonio Dominicano  

Con tecnología Koha